000 01013nam a2200229Ia 4500
003 OSt
005 20200715160624.0
008 191128s1977 ck a gr 000 0 spa d
020 _a9589613799
040 _aCO-JMCR
_cCO-JMCR
041 0 _aspa
082 0 4 _a330.9861 /
_bE182s1
_223
100 1 _aEchavarría Olózaga, Hernán,
_d1911-2006,
_eautor
_97303
245 1 0 _aEl sentido común en la economía colombiana /
_cHernán Echavarría Olózoga
250 _aSéptima edición
260 _aBogotá :
_bColegio de Estudios Superiores de Administración,
_c1997.
300 _a434 páginas :
_bIlustraciones en blanco y negro ;
_c20 cm.
505 0 _aOrganización de la producción -- Formación de la renta nacional -- Distribución de la capacidad productora -- Los mercados y el poder de compra -- Comercio exterior -- Los impuestos -- Elementos de desarrollo económico
650 1 4 _aCondiciones económicas
_zColombia
_96839
650 1 4 _aPolítica económica
_zColombia
_96845
942 _2ddc
_cBK
999 _c6764
_d6764